000 00880nam a2200265Ia 4500
003 GCL
008 140319s9999 xx 000 0 ara d
040 _aGCL /
_cGCL
082 0 4 _a345
_bف ق
100 1 _aعبدالحميد الشواربى
_vPurified
_@
…هذب
245 1 0 _aالتشرد والاشتباه والمراقبة القضائية /
_cعبدالحميد الشواربى
700 1 _aعبد ا. مهنا
260 _a[S.N] :
_bمكتبه النهضه المصريه
300 _a95 ص
490 _aالكتب القانونية
_v0
650 0 4 _aالقانون
650 0 4 _aالقانون المدنى
650 0 4 _aجناح الاحداث
650 0 4 _aالتشرد
650 0 4 _aالتسول
650 0 4 _aالمسئولية المدنية
650 0 4 _aسن الرشد
650 0 4 _aجرائم بدون ضحية
942 _2ddc
_cBK
999 _c27568
_d27568